Antinomies of society : (Record no. 5559)

MARC details
000 -LEADER
fixed length control field 00694cam a2200193 4500
001 - CONTROL NUMBER
control field 6609
010 ## - LIBRARY OF CONGRESS CONTROL NUMBER
LC control number 00440271
020 ## - INTERNATIONAL STANDARD BOOK NUMBER
International Standard Book Number 0195663187
100 1# - MAIN ENTRY--PERSONAL NAME
Personal name Beteille, Andre.
245 10 - TITLE STATEMENT
Title Antinomies of society :
Remainder of title essays on ideologies and institutions /
Statement of responsibility, etc. Andre Beteille.
260 ## - PUBLICATION, DISTRIBUTION, ETC.
Place of publication, distribution, etc. New Delhi ;
-- New York :
Name of publisher, distributor, etc. Oxford University Press,
Date of publication, distribution, etc. 2000.
300 ## - PHYSICAL DESCRIPTION
Extent 296 p. ;
Dimensions 22 cm.
504 ## - BIBLIOGRAPHY, ETC. NOTE
Bibliography, etc. note Includes bibliographical references and indexes.
520 ## - SUMMARY, ETC.
Summary, etc. Collection of papers on institutions, civil society, and democracy in India.
650 #0 - SUBJECT ADDED ENTRY--TOPICAL TERM
Topical term or geographic name entry element Social structure
Geographic subdivision India.
Topical term or geographic name entry element Social values.
651 #0 - SUBJECT ADDED ENTRY--GEOGRAPHIC NAME
Geographic name India
General subdivision Politics and government
Chronological subdivision 1977-
Geographic name India
General subdivision Social conditions
Chronological subdivision 1947-
Holdings
Withdrawn status Lost status Source of classification or shelving scheme Damaged status Not for loan Collection code Home library Current library Shelving location Date acquired Serial Enumeration / chronology Inventory number Total Checkouts Full call number Barcode Date last seen Price effective from Koha item type
    Dewey Decimal Classification     Main TEST RTC Library RTC Library Main opac 27/11/2018 10382   302.5 BET 30011170 12/01/2022 27/11/2018 Main
Royal Thimphu College || All Right Reserved